000 00913nam a2200253Ia 4500
003 OSt
005 20220923222332.0
006 a|||||r|||| 00| 0
007 ta
008 220922b |||||||| |||| 00| 0 hin d
024 _a204,484
037 _cTextual
040 _aARTS
_cARTS
_bhin
041 _2hin
_ahin
082 _aO156,3NKA,1, 152M8
100 _aकापड़िया, कुन्दिका; जगमोहन, सरला, अनु.
_9166755
245 0 _aअगन पिपासा
246 _aAgan pipāsā
260 _aअहमदाबाद
_b अनाश महिला
_c1988
300 _a255पृ.
_ccm.
490 _aओधोगिक सहकारी मंडली
942 _hO156,3NKA,1, 152M8
_cTEXL
_2CC
999 _c355232
_d355232